000 01382nam a22002531a 4500
005 20150813152655.0
008 150520s2014 ck r 000 0dspa d
020 _a9789587401929
040 _aCO-BoIAVH
_cCO-BoIAVH
041 0 _aspa
044 _ack
082 4 _a631.55
_bR17i
100 1 _aRamírez Durán, Julio
245 1 0 _aImplementación del sistema de producción de plantas de caña de azúcar para el establecimiento de semilleros básicos y comerciales:
_bsistema productivo implementado en Corpoica, se Cimpa, con el acompañamiento técnico de Cenicaña en el marco de programa nacional de semillas /
_cJulio Ramírez Durán, Magda Liliana Murcia Pardo... [et al]
260 3 _bCorpoica.
_aBarbosa (Colombia):
_c2014.
300 _a24 p.
_bilustaciones, fotografías, color, tablas.
_c24 cm.
500 _aIncluye lista de figuras.
505 _aPrograma nacional de semillas. Caso caña de azúcar para la producción de panela. Convenio de cooperación técnica entre Cenicaña y Corpoica. Producción de plantas para el establecimiento de semilleros básicos. Recomendaciones en el proceso de obtención de plantas.
650 6 _aCaña de azúcar
_xproducción
650 6 _aCaña de azúcar
_xInvestigaciones
650 6 _aCaña de azúcar
_xManejo
700 1 _aMurcia Pardo, Magda Liliana
942 _2ddc
_cFolleto
999 _c17672
_d17672